Industrial and organizational psychology (Record no. 1268216)

MARC details
000 -LEADER
fixed length control field 00535nam a2200181Ia 4500
005 - DATE AND TIME OF LATEST TRANSACTION
control field 20250317131448.0
008 - FIXED-LENGTH DATA ELEMENTS--GENERAL INFORMATION
fixed length control field 008 250317s9999 xx 000 0 eng d
040 ## - CATALOGING SOURCE
Original cataloging agency FMSL
Language of cataloging eng
Transcribing agency FMSL
041 ## - LANGUAGE CODE
Language code of text/sound track or separate title eng
Source of code eng
084 ## - COLON CLASSIFICATION NUMBER
Classification number S4(X:8) L1
Assigning agency FMSL
100 ## - MAIN ENTRY--PERSONAL NAME
Personal name Gilmer B V H
245 #0 - TITLE STATEMENT
Title Industrial and organizational psychology
260 ## - PUBLICATION, DISTRIBUTION, ETC.
Place of publication, distribution, etc. New Delhi
Name of publisher, distributor, etc. New Delhi, McGraw Hill Kogakusha
Date of publication, distribution, etc. 1971
300 ## - PHYSICAL DESCRIPTION
Extent 681p
942 ## - ADDED ENTRY ELEMENTS (KOHA)
Koha item type Textbook
Classification part S4(X:8) L1

No items available.

Copyright @ Delhi University Library System